000 00364nam a2200169 4500
008 190521s1965||||CZ d
100 1 _aKnobloch Ferdinand
_91104
245 1 0 _aSoudnĂ­ psychiatrie
260 _c1965
_bOrbis
_aPraha
300 _a410s.
250 _a2.vydanie
020 _c0
041 1 _acze
044 _aCZ
958 _aAPR
958 _aA
999 _c22398
_d22398